[Event "8th Ali Ipek Tournament 2020"]
[Site "Ankara"]
[Date "2020.03.07"]
[Round "4.18"]
[White "Ozturk, Ali"]
[Black "Ada, Isa"]
[Result "0-1"]
[WhiteElo "1590"]
[BlackElo "1366"]
[Annotator "NA RC"]
[PlyCount "97"]
[EventDate "2020.03.04"]
[EventType "swiss"]
[EventCountry "TUR"]
[SourceTitle "playchess.com"]
[Source "ChessBase"]
[SourceQuality "1"]
[TimeControl "5400+30"]

1. Nf3 {[%emt 0:03:30]} Nc6 {[%emt 0:00:30]} 2. e4 {[%emt 0:01:30]} e5 {[%emt 0:00:30]} 3. Bb5 {[%emt 0:02:30]} Bc5 {[%emt 0:01:30]} 4. c3 {[%emt 0:01:30]} Bb6 {[%emt 0:03:30]} 5. O-O {[%emt 0:03:30]} d6 {[%emt 0:00:30]} 6. h3 {[%emt 0:00:30]} a6 {[%emt 0:06:30]} 7. Ba4 {[%emt 0:00:30]} Bd7 {[%emt 0:00:30]} 8. d4 {[%emt 0:00:30]} exd4 {[%emt 0:01:30]} 9. cxd4 {[%emt 0:00:30]} Qe7 {[%emt 0:04:30]} 10. Nc3 {[%emt 0:05:30]} Qd8 {[%emt 0:11:30]} 11. Bg5 {[%emt 0:10:30]} f6 {[%emt 0:02:30]} 12. Bh4 {[%emt 0:06:30]} g5 {[%emt 0:00:30]} 13. Nxg5 {[%emt 0:01:30]} fxg5 {[%emt 0:06:30]} 14. Qh5+ {[%emt 0:00:00]} Kf8 {[%emt 0:00:00]} 15. Bxg5 {[%emt 0:10:00]} Qe8 {[%emt 0:00:00]} 16. Bh6+ {[%emt 0:02:30]} Nxh6 {[%emt 0:04:30]} 17. Qxh6+ {[%emt 0:00:30]} Ke7 {[%emt 0:00:00]} 18. Nd5+ {[%emt 0:10:30]} Kd8 {[%emt 0:07:00]} 19. Qf6+ {[%emt 0:06:30]} Kc8 {[%emt 0:01:30]} 20. Nxb6+ {[%emt 0:00:00]} cxb6 {[%emt 0:00:30]} 21. d5 {[%emt 0:02:00]} Qe5 {[%emt 0:01:30]} 22. Qh4 {[%emt 0:05:30]} b5 {[%emt 0:12:30]} 23. dxc6 {[%emt 0:03:30]} bxc6 {[%emt 0:01:30]} 24. Bb3 {[%emt 0:01:30]} Kc7 {[%emt 0:04:30]} 25. Rab1 {[%emt 0:05:36]} Raf8 {[%emt 0:03:30]} 26. Rfc1 {[%emt 0:03:03]} h5 {[%emt 0:05:30]} 27. f3 {[%emt 0:02:07]} Rf4 {[%emt 0:01:12]} 28. Qf2 {[%emt 0:00:33]} Kb7 {[%emt 0:03:21]} 29. Ra1 {[%emt 0:01:48]} Rhf8 {[%emt 0:00:56]} 30. a4 {[%emt 0:00:40]} Rxe4 {[%emt 0:04:52]} 31. axb5 {[%emt 0:00:46]} Qxb5 {[%emt 0:00:55]} 32. Qd2 {[%emt 0:03:50]} Qb6+ {[%emt 0:02:21]} 33. Kh1 {[%emt 0:00:39]} Rd4 {[%emt 0:00:31]} 34. Qh6 {[%emt 0:02:10]} Qd8 {[%emt 0:02:27]} 35. Qxh5 {[%emt 0:01:23]} Rh4 {[%emt 0:00:39]} 36. Qg6 {[%emt 0:00:34]} Qe7 {[%emt 0:04:36]} 37. Qd3 {[%emt 0:00:50]} Ra8 {[%emt 0:00:42]} 38. Re1 {[%emt 0:00:51]} Qg5 {[%emt 0:00:43]} 39. Qe3 {[%emt 0:01:10]} Qg3 {[%emt 0:00:39]} 40. Be6 {[%emt 0:01:07]} Bxe6 {[%emt 0:00:24]} 41. Qxe6 {[%emt 0:00:30]} Rh7 {[%emt 0:00:30]} 42. Re3 {[%emt 0:00:40]} Rah8 {[%emt 0:00:39]} 43. Rb3+ {[%emt 0:00:25]} Kc7 {[%emt 0:00:17]} 44. f4 {[%emt 0:00:48]} Qxf4 {[%emt 0:00:56]} 45. Rxa6 {[%emt 0:01:02]} Qf1+ {[%emt 0:01:00]} 46. Kh2 {[%emt 0:00:04]} Qxa6 {[%emt 0:00:00]} 47. Rf3 {[%emt 0:00:32]} Qc8 {[%emt 0:00:42]} 48. Qe3 {[%emt 0:00:36]} c5 {[%emt 0:00:47]} 49. Qd3 {[%emt 0:00:44]} 0-1

[Event "8th Ali Ipek Tournament 2020"]
[Site "Ankara"]
[Date "2020.03.07"]
[Round "4.19"]
[White "Uzun, Anil"]
[Black "Kolsuz, Umut"]
[Result "0-1"]
[WhiteElo "1360"]
[BlackElo "1551"]
[Annotator "NA RC"]
[PlyCount "48"]
[EventDate "2020.03.04"]
[EventType "swiss"]
[EventCountry "TUR"]
[SourceTitle "playchess.com"]
[Source "ChessBase"]
[SourceQuality "1"]
[TimeControl "5400+30"]

1. Nf3 {[%emt 0:00:30]} Nf6 {[%emt 0:00:30]} 2. c4 {[%emt 0:00:00]} e6 {[%emt 0:00:30]} 3. b3 {[%emt 0:01:00]} d5 {[%emt 0:00:30]} 4. Bb2 {[%emt 0:00:00]} b6 {[%emt 0:01:30]} 5. e3 {[%emt 0:00:00]} Bb7 {[%emt 0:00:30]} 6. d4 {[%emt 0:00:30]} Ne4 {[%emt 0:03:30]} 7. Nbd2 {[%emt 0:01:30]} Nd7 {[%emt 0:01:30]} 8. g3 {[%emt 0:02:30]} Bb4 {[%emt 0:03:30]} 9. cxd5 {[%emt 0:04:30]} Bxd5 {[%emt 0:00:30]} 10. Rg1 {[%emt 0:00:30]} Qf6 {[%emt 0:00:30]} 11. Qe2 {[%emt 0:01:30]} Nc3 {[%emt 0:11:30]} 12. Bxc3 {[%emt 0:02:30]} Bxc3 {[%emt 0:00:30]} 13. O-O-O {[%emt 0:00:00]} a5 {[%emt 0:06:30]} 14. e4 {[%emt 0:00:00]} Bb7 {[%emt 0:00:30]} 15. Nb1 {[%emt 0:00:30]} Ba1 {[%emt 0:05:30]} 16. Ne1 {[%emt 0:02:30]} Bxd4 {[%emt 0:02:30]} 17. Nd3 {[%emt 0:01:30]} O-O {[%emt 0:04:30]} 18. Rg2 {[%emt 0:01:30]} Nc5 {[%emt 0:01:30]} 19. Nxc5 {[%emt 0:00:30]} Bxc5 {[%emt 0:00:30]} 20. h4 {[%emt 0:01:30]} a4 {[%emt 0:00:30]} 21. f4 {[%emt 0:01:30]} axb3 {[%emt 0:01:30]} 22. axb3 {[%emt 0:03:30]} Ra1 {[%emt 0:01:30]} 23. Qc2 {[%emt 0:00:30]} Bxe4 {[%emt 0:00:30]} 24. Bd3 {[%emt 0:02:30]} Bxg2 {[%emt 0:00:30]} 0-1

[Event "8th Ali Ipek Tournament 2020"]
[Site "Ankara"]
[Date "2020.03.07"]
[Round "4.20"]
[White "Gokdogan, Alperen"]
[Black "Tastan, Tuna Yasin"]
[Result "0-1"]
[WhiteElo "1305"]
[BlackElo "1535"]
[Annotator "NA RC"]
[PlyCount "108"]
[EventDate "2020.03.04"]
[EventType "swiss"]
[EventCountry "TUR"]
[SourceTitle "playchess.com"]
[Source "ChessBase"]
[SourceQuality "1"]
[TimeControl "5400+30"]

1. e4 {[%emt 0:00:30]} c5 {[%emt 0:04:30]} 2. c3 {[%emt 0:00:00]} e6 {[%emt 0:02:30]} 3. d4 {[%emt 0:00:00]} d5 {[%emt 0:00:30]} 4. e5 {[%emt 0:00:30]} Nc6 {[%emt 0:06:30]} 5. Nf3 {[%emt 0:00:30]} cxd4 {[%emt 0:00:30]} 6. cxd4 {[%emt 0:00:30]} Bb4+ {[%emt 0:00:30]} 7. Bd2 {[%emt 0:00:30]} Qb6 {[%emt 0:04:30]} 8. Na3 {[%emt 0:03:30]} Bxd2+ {[%emt 0:04:30]} 9. Qxd2 {[%emt 0:00:00]} a6 {[%emt 0:00:30]} 10. Bd3 {[%emt 0:02:00]} Bd7 {[%emt 0:02:30]} 11. Nc2 {[%emt 0:00:30]} Nge7 {[%emt 0:01:30]} 12. O-O {[%emt 0:00:30]} O-O {[%emt 0:03:30]} 13. Ne3 {[%emt 0:00:30]} Ng6 {[%emt 0:01:30]} 14. h4 {[%emt 0:07:30]} Qb4 {[%emt 0:09:30]} 15. Qd1 {[%emt 0:16:30]} Nf4 {[%emt 0:03:30]} 16. Bc2 {[%emt 0:05:30]} Nxd4 {[%emt 0:05:30]} 17. Nxd4 {[%emt 0:02:30]} Qxd4 {[%emt 0:00:30]} 18. Qf3 {[%emt 0:04:30]} Qxe5 {[%emt 0:12:30]} 19. g3 {[%emt 0:02:30]} Ng6 {[%emt 0:10:30]} 20. Rfe1 {[%emt 0:02:30]} Qf6 {[%emt 0:04:30]} 21. Qh5 {[%emt 0:01:30]} Rac8 {[%emt 0:01:04]} 22. Ng4 {[%emt 0:01:30]} Qxb2 {[%emt 0:01:03]} 23. Bd3 {[%emt 0:00:30]} Bb5 {[%emt 0:00:47]} 24. Reb1 {[%emt 0:01:30]} Qd4 {[%emt 0:00:56]} 25. Bxb5 {[%emt 0:03:30]} axb5 {[%emt 0:00:01]} 26. Qg5 {[%emt 0:00:30]} f5 {[%emt 0:02:13]} 27. Ne3 {[%emt 0:00:30]} f4 {[%emt 0:01:30]} 28. Qg4 {[%emt 0:01:30]} Qf6 {[%emt 0:01:49]} 29. Ng2 {[%emt 0:00:30]} fxg3 {[%emt 0:00:38]} 30. fxg3 {[%emt 0:00:30]} Qf5 {[%emt 0:02:20]} 31. Qxf5 {[%emt 0:00:30]} Rxf5 {[%emt 0:00:34]} 32. Rxb5 {[%emt 0:00:30]} Rf3 {[%emt 0:03:14]} 33. Kh2 {[%emt 0:00:30]} Rcc3 {[%emt 0:00:29]} 34. Rxb7 {[%emt 0:00:30]} Rxg3 {[%emt 0:00:44]} 35. Rb8+ {[%emt 0:00:30]} Kf7 {[%emt 0:00:43]} 36. Rb7+ {[%emt 0:00:30]} Kf6 {[%emt 0:01:19]} 37. a4 {[%emt 0:00:30]} Rh3+ {[%emt 0:01:48]} 38. Kg1 {[%emt 0:00:30]} Rcg3 {[%emt 0:02:25]} 39. Kf2 {[%emt 0:01:30]} Ra3 {[%emt 0:00:19]} 40. Rxa3 {[%emt 0:00:30]} Rxa3 {[%emt 0:00:30]} 41. Ra7 {[%emt 0:00:00]} Ne5 {[%emt 0:00:04]} 42. a5 {[%emt 0:00:00]} Nc6 {[%emt 0:00:15]} 43. Ra6 {[%emt 0:00:30]} Nxa5 {[%emt 0:00:56]} 44. Nf4 {[%emt 0:00:00]} Nc4 {[%emt 0:00:18]} 45. Nxd5+ {[%emt 0:01:00]} Ke5 {[%emt 0:01:20]} 46. Rxa3 {[%emt 0:00:00]} Nxa3 {[%emt 0:00:00]} 47. Ne3 {[%emt 0:00:00]} Nb5 {[%emt 0:00:06]} 48. Kf3 {[%emt 0:01:30]} Nd4+ {[%emt 0:00:31]} 49. Kf2 {[%emt 0:00:30]} Kf4 {[%emt 0:00:39]} 50. Ng2+ {[%emt 0:00:30]} Kg4 {[%emt 0:00:12]} 51. Ke3 {[%emt 0:00:30]} Nf5+ {[%emt 0:00:25]} 52. Ke4 {[%emt 0:00:30]} Nxh4 {[%emt 0:00:44]} 53. Nxh4 {[%emt 0:00:30]} Kxh4 {[%emt 0:00:30]} 54. Kf4 {[%emt 0:00:00]} g5+ {[%emt 0:00:11]} 0-1

[Event "8th Ali Ipek Tournament 2020"]
[Site "Ankara"]
[Date "2020.03.07"]
[Round "5.1"]
[White "Ibik, Halit Yavuz"]
[Black "Yarashov, Azat"]
[Result "0-1"]
[WhiteElo "1991"]
[BlackElo "2218"]
[Annotator "TA"]
[PlyCount "76"]
[EventDate "2020.03.04"]
[EventType "swiss"]
[EventCountry "TUR"]
[SourceTitle "playchess.com"]
[Source "ChessBase"]
[SourceQuality "1"]

{[%evp 10,76,58,53,61,46,61,61,68,67,78,14,24,13,19,21,8,16,49,44,89,69,67,67,72,0,0,0,0,-6,0,0,68,58,35,36,41,33,81,0,0,0,0,0,11,0,0,0,0,0,0,0,0,0,0,0,0,0,0,0,0,0,0,0,0,-4,-5,-12843,-621]} 1. e4 e6 2. d4 c5 3. Nf3 d5 4. exd5 exd5 5. Bb5+ Nc6 6. O-O Be7 {C01: French: Exchange Variation.} 7. Re1 Nf6 8. dxc5 O-O {White is slightly better.} 9. Be3 Bg4 {[#]} 10. Bxc6 $146 (10. Nbd2 $16) ({Predecessor:} 10. c3 Bxf3 11. Qxf3 Ne5 12. Qg3 Ng6 13. Nd2 Rc8 14. b4 b6 15. c6 Bd6 16. Qh3 {0-1 (33) Sidorenko,I (2357)-Tsintsar,Z (1962) Thessaloniki 2009}) 10... bxc6 $11 11. Nbd2 {[%cal Bb1d2,Bd2b3,Bb3d4][%mdl 32]} Nd7 $1 12. Nb3 Ne5 13. Nbd4 Bf6 14. c3 Qc8 15. Bf4 $36 {[%mdl 2048] White has some pressure.} Nxf3+ 16. Nxf3 Qf5 17. Qd2 (17. Bd6 $16) 17... Bxf3 $1 18. gxf3 Rfe8 19. Re3 Re6 20. Bg3 g5 (20... a5 $11) 21. Rxe6 fxe6 22. Kg2 e5 23. Re1 Re8 24. Qe2 (24. Qd1 $16) 24... h5 $1 {[%cal Rh5h4]} 25. h3 h4 $1 {[%cal Rh4g3]} 26. Bh2 e4 {[#] Hoping for ...exf3+.} 27. fxe4 (27. Rd1 {is interesting.} Kg7 28. fxe4 Rxe4 29. Qf3 Kg6 30. Bd6) 27... Rxe4 28. Qd1 g4 29. hxg4 Rxe1 30. Qxe1 Qxg4+ 31. Kh1 Qf3+ 32. Kg1 h3 {[%csl Gh3][%cal Rf3g2]} 33. Qf1 d4 {( -> ...d3)} 34. cxd4 Bxd4 35. Bd6 Kg7 36. b3 Kf6 37. Kh2 Bxf2 {And now ...Bg3+! would win.} 38. Qxh3 $2 {[%mdl 8192] [#]} (38. Qh1 $11 Qe2 39. Kxh3) 38... Bg1+ $1 {[%mdl 512] Accuracy: White = 76%, Black = 89%.} 0-1

[Event "8th Ali Ipek Tournament 2020"]
[Site "Ankara"]
[Date "2020.03.07"]
[Round "5.2"]
[White "Zor, Alber Kadir"]
[Black "Pektas, Yigit"]
[Result "1-0"]
[WhiteElo "2119"]
[BlackElo "2161"]
[Annotator "TA"]
[PlyCount "51"]
[EventDate "2020.03.04"]
[EventType "swiss"]
[EventCountry "TUR"]
[SourceTitle "playchess.com"]
[Source "ChessBase"]
[SourceQuality "1"]

{[%evp 9,51,50,44,-12,-18,-6,0,-5,12,21,35,35,48,42,47,8,5,0,0,0,0,0,0,0,-20,-26,0,0,0,0,0,0,0,0,0,0,1506,1502,29980,29981,29981,29982,29987,29988]} 1. e4 c6 2. d4 d5 3. e5 c5 4. dxc5 Nc6 5. f4 e6 6. Nf3 {B12: Caro-Kann: Advance Variation.} (6. Be3 $14) 6... Bxc5 $11 7. Bd3 Nge7 8. Nbd2 {[#] The position is equal.} Nb4 $146 ({Predecessor:} 8... Qc7 9. Nb3 Bb6 10. Qe2 Bd7 11. Bd2 a5 12. c3 a4 13. Nbd4 Nxd4 14. Nxd4 Bxd4 15. cxd4 Qb6 16. Be3 h5 17. O-O Nf5 18. Bf2 {½-½ (18) Garavagno,M (1781)-Brunsteins,D (2408) Buenos Aires 2009}) 9. Nb3 Nxd3+ 10. Qxd3 {aiming for Qb5+.} Bb6 11. Be3 Bd7 12. a4 Nf5 13. Bxb6 Qxb6 14. Nfd4 Nxd4 15. Nxd4 Qxb2 16. Ke2 {Rhb1 is the strong threat.} Qb6 17. Rhb1 Qc7 18. Nb5 $1 $36 {[%cal Rb5c7][%mdl 2048] White has the initiative.} Bxb5 $1 19. Qxb5+ {[%mdl 64] [#] Double Attack} Ke7 20. Qb4+ Kd7 21. Qb5+ Kc8 22. Ra3 {And now Rc3! would win.} a5 $2 {[%mdl 8192] [#]} (22... Qxc2+ $11 23. Kf3 Kd8) 23. Rc3 $1 $18 {[%mdl 576] Threatening mate with Qxb7+. Deflection} Qxc3 24. Qxb7+ {[%mdl 64] Double Attack. White mates.} Kd8 25. Qxa8+ Kd7 26. Rb7+ {Accuracy: White = 87%, Black = 76%.} 1-0

[Event "8th Ali Ipek Tournament 2020"]
[Site "Ankara"]
[Date "2020.03.07"]
[Round "5.3"]
[White "Yaver, Faik Emre"]
[Black "Caberoglu, Arda"]
[Result "1/2-1/2"]
[WhiteElo "2086"]
[BlackElo "1784"]
[Annotator "TA"]
[PlyCount "114"]
[EventDate "2020.03.04"]
[EventType "swiss"]
[EventCountry "TUR"]
[SourceTitle "playchess.com"]
[Source "ChessBase"]
[SourceQuality "1"]

{[%evp 10,114,27,16,16,21,28,16,28,9,21,11,15,0,14,0,12,-10,20,-73,28,37,39,37,37,37,49,18,23,0,0,-8,0,0,0,-10,10,-12,13,17,20,0,0,-25,-20,-18,0,-51,-48,-51,-16,-27,-23,-20,0,-24,-18,-23,-20,-14,18,-12,-18,-39,-36,-49,-50,-71,-77,-77,-76,-102,-75,-109,-109,-110,-104,-102,-8,-8,0,-8,0,-8,0,-8,0,0,0,0,0,0,0,0,0,-8,-8,-8,-10,-8,-8,-62,-57,-42,-42,-60,0]} 1. e4 e5 2. Nf3 Nc6 3. Bc4 Bc5 4. c3 Nf6 5. d3 O-O 6. Nbd2 a6 {C54: Giuoco Piano: 4 c3 Nf6, main lines with 5 d4 and 5 d3.} 7. a4 Ba7 8. O-O h6 {The position is equal.} 9. h3 {[#]} Re8 $146 ({Predecessor:} 9... d6 10. Re1 Re8 11. Nf1 Be6 12. Ng3 d5 13. exd5 Bxd5 14. Bxd5 Qxd5 15. Be3 Bxe3 16. Rxe3 Rad8 17. Qe2 Qb3 18. Ra3 Qd5 19. Ra1 Qb3 20. Ra3 Qd5 {½-½ (20) Biti,O (2374)-Urh,Z (2127) Pula 2019}) 10. Qb3 Rf8 11. a5 d6 12. Qd1 Be6 13. Re1 Kh7 14. Nf1 {[#]} (14. Qb3 $11 {keeps the balance.}) 14... Bxc4 (14... Nxe4 $1 $17 {[%mdl 512]} 15. Rxe4 (15. dxe4 Bxc4) 15... d5 16. Bxd5 Bxd5) 15. dxc4 $11 Ne7 {[%cal Bc6e7,Be7g6,Bg6f4][%mdl 32]} 16. Be3 Bxe3 17. Nxe3 Ng6 18. Nf5 Nf4 19. c5 {[%cal Rc5d6]} g6 20. Ng3 Qd7 21. cxd6 cxd6 22. Qa4 Rac8 23. Red1 {Strongly threatening Qxd7.} Qxa4 (23... Qe7 {seems wilder.} 24. Nf1 Rfd8 25. Ne3 Rc5 26. Nd2 d5) 24. Rxa4 Rc6 25. Rb4 Rb8 26. Nd2 Nd3 27. Rb3 Kg7 28. c4 (28. Ne2 $11) 28... Nf4 29. Kf1 Kf8 (29... Ne6 {keeps more tension.} 30. Rb4 Nd7 31. Ne2 Ndc5 32. Rb1 b5) 30. Ne2 Nxe2 31. Kxe2 Ke7 32. g3 Nd7 33. Rb4 Nc5 34. Ke3 Rbc8 35. Nb3 {With the idea Nxc5.} R8c7 36. Nxc5 Rxc5 {[%mdl 4096] Endgame KRR-KRR} 37. Rb6 Rd7 38. Rd5 Rxc4 39. f4 f6 40. g4 Rc1 41. fxe5 fxe5 42. Rd3 Re1+ 43. Kf3 g5 (43... Ke6 $17 {White should prevent ...h5.} 44. Rb4 h5) 44. Rdb3 Rf1+ 45. Ke3 Re1+ 46. Kf3 Rf1+ 47. Ke2 Ra1 48. Rxb7 Rxa5 49. Rb8 Rc7 50. Rh8 {Black must now prevent Rh7+.} Rb5 51. Rxb5 axb5 {KR-KR} 52. Kd3 Rc4 53. Rh7+ Kf8 54. Rxh6 Rd4+ 55. Kc2 (55. Ke3 $11) 55... Kg7 {Black is slightly better.} 56. Re6 $1 Kf7 57. Rh6 Kg7 {Accuracy: White = 79%, Black = 77%.} (57... Ke7 $15 58. Rh7+ Ke6 59. Rh6+ Kd7) 1/2-1/2

[Event "8th Ali Ipek Tournament 2020"]
[Site "Ankara"]
[Date "2020.03.07"]
[Round "5.4"]
[White "Genc, Arda"]
[Black "Akin, Yagiz Cinar"]
[Result "1/2-1/2"]
[WhiteElo "1734"]
[BlackElo "1861"]
[Annotator "NA RC"]
[PlyCount "57"]
[EventDate "2020.03.04"]
[EventType "swiss"]
[EventCountry "TUR"]
[SourceTitle "playchess.com"]
[Source "ChessBase"]
[SourceQuality "1"]
[TimeControl "5400+30"]

1. d4 {[%emt 0:00:30]} f5 {[%emt 0:00:30]} 2. Nf3 {[%emt 0:00:00]} Nf6 {[%emt 0:00:00]} 3. e3 {[%emt 0:01:00]} e6 {[%emt 0:01:00]} 4. Bd3 {[%emt 0:00:30]} Be7 {[%emt 0:00:30]} 5. b3 {[%emt 0:00:30]} O-O $11 {[%emt 0:00:30]} 6. O-O {[%emt 0:00:30]} b6 {[%emt 0:00:30]} 7. c4 {[%emt 0:00:30]} Bb7 {[%emt 0:00:30]} 8. Nbd2 {[%emt 0:00:30]} Ne4 {[%emt 0:02:30]} 9. Qc2 {[%emt 0:01:30]} Nxd2 {[%emt 0:06:30]} 10. Nxd2 {[%emt 0:03:30]} Nc6 11. a3 {[%emt 0:03:30]} Bf6 {[%emt 0:05:00]} 12. Bb2 {[%emt 0:02:30]} Qe8 {[%emt 0:02:30]} 13. b4 {[%emt 0:08:30]} Qg6 {[%emt 0:08:30]} 14. f3 {[%emt 0:07:30]} Bg5 {[%emt 0:08:30]} 15. f4 {[%emt 0:13:30]} Bxf4 {[%emt 0:00:30]} 16. Rf3 {[%emt 0:12:30]} Bxe3+ {[%emt 0:15:30]} 17. Rxe3 {[%emt 0:00:30]} Nxd4 {[%emt 0:02:30]} 18. Rg3 {[%emt 0:00:30]} Qxg3 {[%emt 0:00:30]} 19. hxg3 {[%emt 0:00:30]} Nxc2 {[%emt 0:00:30]} 20. Bxc2 {[%emt 0:00:00]} a5 {[%emt 0:02:30]} 21. b5 {[%emt 0:00:00]} d6 {[%emt 0:00:30]} 22. Re1 {[%emt 0:01:30]} e5 {[%emt 0:01:30]} 23. Nf1 {[%emt 0:01:30]} f4 {[%emt 0:03:30]} 24. Be4 {[%emt 0:01:30]} Bxe4 {[%emt 0:00:00]} 25. Rxe4 {[%emt 0:00:30]} f3 {[%emt 0:04:00]} 26. Ne3 {[%emt 0:04:30]} Rf7 {[%emt 0:00:30]} 27. Nd5 {[%emt 0:03:30]} Raf8 {[%emt 0:09:30]} 28. Bc1 {[%emt 0:02:30]} fxg2 {[%emt 0:01:30]} 29. Kxg2 {[%emt 0:00:30]} 1/2-1/2

[Event "8th Ali Ipek Tournament 2020"]
[Site "Ankara"]
[Date "2020.03.07"]
[Round "5.5"]
[White "Oktem, Ege Tuna"]
[Black "Alkan, Ferman"]
[Result "0-1"]
[WhiteElo "1546"]
[BlackElo "1858"]
[Annotator "NA RC"]
[PlyCount "76"]
[EventDate "2020.03.04"]
[EventType "swiss"]
[EventCountry "TUR"]
[SourceTitle "playchess.com"]
[Source "ChessBase"]
[SourceQuality "1"]
[TimeControl "5400+30"]

1. d4 {[%emt 0:00:30]} Nf6 {[%emt 0:00:30]} 2. Nf3 {[%emt 0:00:00]} g6 {[%emt 0:00:30]} 3. Nbd2 {[%emt 0:02:00]} d5 {[%emt 0:00:30]} 4. e3 {[%emt 0:00:30]} Bg7 $11 {[%emt 0:01:30]} 5. b4 {[%emt 0:00:30]} O-O {[%emt 0:02:30]} 6. c4 {[%emt 0:01:30]} a5 {[%emt 0:02:30]} 7. b5 {[%emt 0:00:00]} a4 {[%emt 0:04:30]} 8. Be2 {[%emt 0:02:00]} Re8 {[%emt 0:07:30]} 9. O-O {[%emt 0:00:30]} Nbd7 {[%emt 0:02:30]} 10. c5 {[%emt 0:05:30]} c6 {[%emt 0:00:30]} 11. bxc6 {[%emt 0:02:30]} bxc6 {[%emt 0:00:30]} 12. Rb1 {[%emt 0:00:30]} e5 {[%emt 0:00:30]} 13. Nxe5 {[%emt 0:00:30]} Nxe5 {[%emt 0:00:30]} 14. dxe5 {[%emt 0:00:30]} Rxe5 {[%emt 0:00:00]} 15. Nc4 {[%emt 0:00:30]} Bf5 {[%emt 0:20:00]} 16. Nxe5 {[%emt 0:01:30]} Bxb1 {[%emt 0:00:00]} 17. Nxc6 {[%emt 0:02:30]} Qc7 {[%emt 0:00:00]} 18. Nd4 {[%emt 0:00:00]} Qxc5 {[%emt 0:04:30]} 19. a3 {[%emt 0:05:00]} Ne4 {[%emt 0:05:30]} 20. Bb2 {[%emt 0:02:30]} Ba2 {[%emt 0:00:30]} 21. Qa1 {[%emt 0:00:00]} Bc4 {[%emt 0:01:30]} 22. Bxc4 {[%emt 0:01:00]} dxc4 {[%emt 0:02:30]} 23. Ne6 {[%emt 0:05:30]} Bxb2 {[%emt 0:00:30]} 24. Qxb2 {[%emt 0:02:30]} fxe6 {[%emt 0:01:30]} 25. Qb7 {[%emt 0:00:30]} Qd5 {[%emt 0:00:00]} 26. Qb4 {[%emt 0:00:30]} c3 {[%emt 0:00:00]} 27. f3 {[%emt 0:01:30]} Nd2 {[%emt 0:00:30]} 28. Rc1 {[%emt 0:00:00]} Rc8 {[%emt 0:01:30]} 29. Qxa4 {[%emt 0:05:00]} Nb3 {[%emt 0:00:30]} 30. Qa6 {[%emt 0:01:30]} Ra8 {[%emt 0:00:30]} 31. Qf1 {[%emt 0:02:30]} Nxc1 {[%emt 0:00:30]} 32. Qxc1 {[%emt 0:00:30]} Qd2 {[%emt 0:00:00]} 33. Qf1 {[%emt 0:00:30]} c2 {[%emt 0:00:00]} 34. a4 {[%emt 0:00:00]} Qxe3+ {[%emt 0:00:00]} 35. Kh1 {[%emt 0:00:00]} c1=Q {[%emt 0:00:00]} 36. h3 {[%emt 0:00:00]} Qxf1+ {[%emt 0:00:30]} 37. Kh2 {[%emt 0:00:00]} Qf4+ {[%emt 0:00:30]} 38. g3 {[%emt 0:00:30]} Qd2# {[%emt 0:00:30]} 0-1

[Event "8th Ali Ipek Tournament 2020"]
[Site "Ankara"]
[Date "2020.03.07"]
[Round "5.6"]
[White "Tastan, Tuna Yasin"]
[Black "Ozalp, Burak"]
[Result "0-1"]
[WhiteElo "1535"]
[BlackElo "1967"]
[Annotator "TA"]
[PlyCount "94"]
[EventDate "2020.03.04"]
[EventType "swiss"]
[EventCountry "TUR"]
[SourceTitle "playchess.com"]
[Source "ChessBase"]
[SourceQuality "1"]

{[%evp 21,94,9,8,0,48,-28,16,0,27,18,14,0,2,-27,0,0,0,-2,0,0,0,0,0,0,0,0,0,0,0,-282,-275,-289,-280,-289,-289,-269,-277,-281,-279,-258,-221,-384,-384,-382,-384,-381,-380,-417,-382,-417,-369,-416,-413,-694,-417,-417,-417,-448,-437,-597,-606,-595,-593,-629,-587,-652,-627,-856,-856,-923,-911,-1585,-1560,-5318,-5306]} 1. e4 c5 2. Nf3 d6 3. d4 cxd4 4. Nxd4 Nf6 5. Nc3 g6 6. Be2 Bg7 7. Be3 Nc6 8. O-O O-O 9. Qd2 Ng4 10. Bxg4 Bxg4 11. f3 {11.Nd5 is setting a new trend.} Bd7 12. Nd5 {[%cal Bc3d5,Bd5b4,Bb4d3,Bd3e5][%mdl 32] [#] B73: Sicilian Dragon: Classical System without 9 Nb3.} Re8 $146 ({Predecessor:} 12... Rc8 13. c3 Ne5 14. b3 e6 15. Nb4 b5 16. Ne2 a5 17. Nc2 Rc6 18. Rad1 f5 19. exf5 gxf5 {0-1 (59) Gharagyozyan,A (2167)-Sanikidze,T (2520) Poti 2017}) 13. c3 (13. Nb5 $14) 13... Rc8 14. Rfd1 {The position is equal.} Ne5 15. b3 e6 16. Nb4 a5 17. Nd3 b5 18. Rac1 Qc7 19. c4 bxc4 20. Nxe5 c3 $36 {[%mdl 2048] Black has some pressure.} 21. Rxc3 $1 Qxc3 22. Nxd7 {And now Nb6 would win.} Qc7 23. Nb5 Qxd7 24. Nxd6 {[%mdl 64] [#] Double Attack} Bc3 25. Qd3 $2 {[%mdl 8192] Black converts the advantage convincingly.} (25. Nxe8 $11 Bxd2 26. Nf6+ {[%mdl 64] Double Attack} Kg7 27. Nxd7 Bxe3+ 28. Kh1) 25... Red8 $19 26. Bb6 Be5 {White must now prevent ...Rc6.} 27. Nxc8 Qxd3 28. Rxd3 Rxd3 29. Bxa5 {[%mdl 4096] Endgame KRB-KBN} Rd1+ 30. Kf2 Ra1 ({Don't play} 30... Bxh2 31. Nb6 $19) 31. Ne7+ $2 (31. a4 {was necessary.}) 31... Kf8 32. Nc6 {Black should prevent Bb4+.} Rxa2+ 33. Kf1 {next Bb4+ is good for White.} Bxh2 34. b4 Rb2 35. Na7 Bb8 36. Nb5 Bg3 37. Na7 (37. Bb6 $142) 37... h5 {Strongly threatening ...Rf2+.} 38. Bb6 Ke8 39. Bc5 Kd7 {Black is clearly winning.} 40. b5 Bc7 41. Bd4 Rb4 42. Bc5 Rb3 43. Ke2 h4 44. Kf1 g5 45. Ke2 f5 46. exf5 exf5 47. Be3 {[#]} Rxe3+ $1 {[%mdl 512] Accuracy: White = 42%, Black = 76%.} 0-1